[Event "Zweibruecken PSB-ch HT2 82nd"]
[Site "Zweibruecken"]
[Date "2013.03.29"]
[Round "6"]
[White "Ohliger, Goetz"]
[Black "Zimmer, Sascha"]
[Result "0-1"]
[WhiteElo "1624"]
[BlackElo "1708"]
[PlyCount "57"]
[EventDate "2013.??.??"]
[EventType "swiss"]
[EventRounds "7"]
[EventCountry "GER"]
[SourceTitle "EXT 2014"]
[Source "ChessBase"]
[SourceDate "2013.11.20"]
[SourceVersion "1"]
[SourceVersionDate "2013.11.20"]
[SourceQuality "1"]

1. e4 c5 2. Nf3 d6 3. d3 g6 4. Nbd2 Bg7 5. g3 Nf6 6. Bg2 0-0 7. 0-0 Nc6 8. c3 Bd7 9. Re1 Qc7 10. Nf1 Rab8 11. Bf4 e5 12. Bg5 Nh5 13. Rc1 h6 14. Be3 f5 15. exf5 Bxf5 16. Nh4 Qf7 17. Nxf5 gxf5 18. c4 Nf6 19. f4 Ne7 20. fxe5 dxe5 21. Bxc5 e4 22. dxe4 Rfd8 23. Qc2 fxe4 24. Bxe4 Nc6 25. Bg6 Qc7 26. Rcd1 Ne5 27. Rxe5 Qxe5 28. Be3 Ng4 29. Bxa7 0-1

[Event "Zweibruecken PSB-ch HT2 82nd"]
[Site "Zweibruecken"]
[Date "2013.03.24"]
[Round "3"]
[White "Nagel, Jan"]
[Black "Ohliger, Goetz"]
[Result "1/2-1/2"]
[WhiteElo "1312"]
[BlackElo "1624"]
[PlyCount "111"]
[EventDate "2013.??.??"]
[EventType "swiss"]
[EventRounds "7"]
[EventCountry "GER"]
[SourceTitle "EXT 2014"]
[Source "ChessBase"]
[SourceDate "2013.11.20"]
[SourceVersion "1"]
[SourceVersionDate "2013.11.20"]
[SourceQuality "1"]

1. e4 e5 2. Nf3 Nc6 3. Bc4 Be7 4. d4 exd4 5. Nxd4 d6 6. 0-0 Nxd4 7. Qxd4 Bf6 8. Qd3 Ne7 9. Nc3 0-0 10. Re1 a6 11. Nd5 Nxd5 12. Bxd5 Rb8 13. Bb3 Bd7 14. c3 Be5 15. f4 Bf6 16. Bc2 g6 17. f5 Re8 18. fxg6 hxg6 19. Bf4 Qe7 20. Re3 Be5 21. Rf1 Be6 22. Qd2 Qh4 23. Bg3 Qg5 24. Qf2 Kg7 25. Bb3 Rf8 26. Rf3 Qe7 27. Bh4 g5 28. Bxe6 fxe6 29. Rxf8 Rxf8 30. Qxf8+ Qxf8 31. Rxf8 Kxf8 32. Bxg5 Kf7 33. h4 Kg6 34. Kf2 c5 35. Kf3 d5 36. exd5 exd5 37. Bf4 Bf6 38. g3 b5 39. Be3 Be7 40. b3 Kh5 41. Bf2 Bf6 42. Bxc5 Bxc3 43. Ke2 Kg4 44. Bf2 Be5 45. Kd3 Kf3 46. Be1 Kg4 47. Bc3 Bxg3 48. Kd4 Bxh4 49. Kxd5 Kf4 50. Ba5 Ke3 51. Kc6 Kd3 52. Kb6 Kc2 53. Kxa6 Kb2 54. Kxb5 Kxa2 55. Kb4 Be1+ 56. Kc5 1/2-1/2